Countries with 8 letters - Statistics

General Stats
  • This quiz has been taken 37 times
  • The average score is 15 of 23
Answer Stats
Hint Answer % Correct
South America Paraguay
86%
North America Barbados
82%
South America Suriname
82%
South America Colombia
79%
Europe Bulgaria
71%
North America Honduras
71%
Europe Portugal
71%
Africa Botswana
68%
Africa Ethiopia
68%
Europe Slovakia
68%
Europe Slovenia
68%
Africa Tanzania
68%
North America Dominica
64%
Asia Maldives
64%
Asia Thailand
64%
Asia Cambodia
61%
Oceania Kiribati
61%
Asia Malaysia
61%
Asia Pakistan
61%
Africa Cameroon
57%
Africa Djibouti
57%
Asia Mongolia
57%
Asia Sri Lanka
43%
No matching quizzes found
Score Distribution
Percent of People with Each Score
Percentile by Number Answered
Your Score History
You have not taken this quiz